All 10k+ Cities in Venezuela - Statistics

General Stats
  • This quiz has been taken 19 times
  • The average score is 77 of 298
Answers on the Map
Answers color-coded by a green-red scale on the quiz's map according to % correct below.
 
Answer Stats
States Population Answer % Correct
Distrito Capital 1,942,652 Caracas
100%
Zulia 1,898,770 Maracaibo
94%
Carabobo 1,378,958 Valencia
94%
Anzoátegui 382,881 Barcelona
89%
Mérida 213,962 Mérida
89%
Bolívar 335,208 Ciudad Bolívar
83%
Táchira 260,173 San Cristóbal
83%
Barinas 300,455 Barinas
78%
Lara 936,065 Barquisimeto
78%
Sucre 310,763 Cumaná
78%
Aragua 401,294 Maracay
78%
Monagas 447,283 Maturín
78%
Sucre 10,952 San Juan
78%
Bolívar 672,651 Ciudad Guayana
72%
Anzoátegui 243,572 Puerto La Cruz
72%
Falcón 127,953 Punto Fijo
72%
Zulia 255,567 Cabimas
67%
Miranda 149,634 Guatire
67%
Miranda 194,655 Los Teques
67%
Nueva Esparta 97,667 Porlamar
67%
Zulia 13,155 San José
67%
Nueva Esparta 14,508 Santa Ana
67%
Trujillo 132,562 Valera
67%
Portuguesa 287,368 Acarigua
61%
Portuguesa 145,223 Guanare
61%
Nueva Esparta 28,309 La Asunción
61%
Anzoátegui 37,829 Lechería
61%
Miranda 372,470 Petare
61%
Amazonas 84,114 Puerto Ayacucho
61%
Apure 121,039 San Fernando de Apure
61%
Delta Amacuro 86,487 Tucupita
61%
Miranda 117,594 Charallave
56%
Táchira 48,189 Colón
56%
Anzoátegui 179,333 El Tigre
56%
Vargas 19,162 La Guaira
56%
Carabobo 173,020 Puerto Cabello
56%
Miranda 12,307 San Pedro
56%
Trujillo 35,227 Trujillo
56%
Guárico 123,692 Calabozo
50%
Vargas 133,803 Catia la Mar
50%
Zulia 138,208 Ciudad Ojeda
50%
Mérida 80,646 El Vigía
50%
Miranda 208,565 Guarenas
50%
Yaracuy 136,360 San Felipe
50%
Barinas 32,751 Santa Bárbara
50%
Miranda 36,091 Santa Bárbara
50%
Bolívar 14,087 Santa Elena de Uairén
50%
Miranda 109,679 Santa Lucía
50%
Anzoátegui 114,555 Anaco
44%
Apure 14,246 Elorza
44%
Apure 42,073 Guasdualito
44%
Táchira 34,452 La Fría
44%
Táchira 14,759 Michelena
44%
Táchira 65,885 Rubio
44%
Miranda 68,255 San Antonio de Los Altos
44%
Táchira 46,054 San Antonio del Táchira
44%
Guárico 115,855 San Juan de Los Morros
44%
Aragua 32,142 Santa Cruz
44%
Zulia 49,194 Santa Rita
44%
Mérida 30,026 Tovar
44%
Lara 173,147 Cabudare
39%
Sucre 133,970 Carúpano
39%
Miranda 61,213 Chacao
39%
Mérida 89,723 Ejido
39%
Anzoátegui 27,645 Guanta
39%
Táchira 22,257 La Grita
39%
Aragua 97,305 La Victoria
39%
Táchira 43,106 Palmira
39%
Barinas 20,419 Sabaneta
39%
Miranda 19,321 San Diego
39%
Aragua 36,771 San Mateo
39%
Barinas 49,181 Socopó
39%
Táchira 97,300 Táriba
39%
Cojedes 28,790 Tinaco
39%
Cojedes 90,313 Tinaquillo
39%
Táchira 50,006 Ureña
39%
Guárico 105,403 Valle de la Pascua
39%
Anzoátegui 22,429 Aragua de Barcelona
33%
Sucre 16,710 Araya
33%
Mérida 14,646 Bailadores
33%
Miranda 199,212 Baruta
33%
Táchira 22,595 Capacho Nuevo
33%
Táchira 13,551 Capacho Viejo
33%
Lara 100,687 Carora
33%
Yaracuy 52,620 Chivacoa
33%
Táchira 22,426 Coloncito
33%
Miranda 129,724 Cúa
33%
Bolívar 20,889 El Callao
33%
Miranda 57,964 El Hatillo
33%
Lara 50,634 El Tocuyo
33%
Bolívar 19,840 Guasipati
33%
Sucre 29,115 Güiria
33%
Vargas 61,845 Maiquetía
33%
Miranda 104,901 Ocumare del Tuy
33%
Nueva Esparta 25,551 Pampatar
33%
Anzoátegui 47,175 Puerto Píritu
33%
Lara 39,789 Quíbor
33%
Aragua 330,201 Turmero
33%
Guárico 47,651 Zaraza
33%
Barinas 39,602 Barinitas
28%
Apure 46,538 Biruaca
28%
Sucre 22,262 Cariaco
28%
Monagas 34,777 Caripito
28%
Barinas 31,597 Ciudad Bolivia
28%
Táchira 17,672 Cordero
28%
Nueva Esparta 20,415 Juan Griego
28%
Cojedes 16,212 Las Vegas
28%
Zulia 64,283 Machiques
28%
Carabobo 104,451 Mariara
28%
Vargas 13,810 Naiguatá
28%
Portuguesa 20,198 Ospino
28%
Aragua 113,747 Palo Negro
28%
Portuguesa 27,932 Píritu
28%
Monagas 49,514 Punta de Mata
28%
Zulia 73,777 San Carlos del Zulia
28%
Táchira 48,587 San Josecito
28%
Yaracuy 19,459 San Pablo
28%
Aragua 21,046 San Sebastián
28%
Táchira 28,693 Santa Ana del Táchira
28%
Miranda 67,765 Santa Teresa del Tuy
28%
Falcón 19,532 Tucacas
28%
Bolívar 27,271 Tumeremo
28%
Bolívar 72,152 Upata
28%
Apure 26,693 Achaguas
22%
Zulia 34,353 Bachaquero
22%
Carabobo 30,913 Bejuma
22%
Trujillo 45,987 Boconó
22%
Aragua 114,445 Cagua
22%
Vargas 48,622 Caraballeda
22%
Sucre 11,937 Casanay
22%
Aragua 99,847 El Limón
22%
Carabobo 175,766 Guacara
22%
Falcón 26,483 La Vela de Coro
22%
Carabobo 60,482 Morón
22%
Yaracuy 35,407 Nirgua
22%
Lara 19,900 Sanare
22%
Carabobo 63,695 San Joaquín
22%
Falcón 195,496 Santa Ana de Coro
22%
Lara 14,250 Sarare
22%
Monagas 31,329 Temblador
22%
Aragua 85,146 Villa de Cura
22%
Yaracuy 81,691 Yaritagua
22%
Nueva Esparta 12,541 Altagracia
17%
Barinas 16,132 Barrancas
17%
Monagas 15,420 Barrancas
17%
Trujillo 15,877 Betijoque
17%
Bolívar 31,891 Caicara del Orinoco
17%
Zulia 26,391 Caja Seca
17%
Guárico 14,068 Camaguán
17%
Aragua 10,558 Camatagua
17%
Anzoátegui 47,343 Cantaura
17%
Miranda 23,211 Caucagua
17%
Anzoátegui 15,046 Clarines
17%
Zulia 34,184 Concepción
17%
Falcón 18,523 Dabajuro
17%
Lara 26,775 Duaca
17%
Táchira 11,016 El Valle
17%
Zulia 15,316 Encontrados
17%
Carabobo 72,191 Güigüe
17%
Miranda 27,362 Higuerote
17%
Zulia 66,559 La Concepción
17%
Mérida 20,184 Lagunillas
17%
Zulia 51,671 Lagunillas
17%
Aragua 34,249 Las Tejerías
17%
Zulia 65,907 La Villa del Rosario
17%
Zulia 19,496 Mene Grande
17%
Carabobo 28,391 Miranda
17%
Carabobo 24,740 Montalbán
17%
Anzoátegui 36,757 Pariaguán
17%
Sucre 18,661 Río Caribe
17%
Miranda 16,600 Río Chico
17%
Trujillo 23,697 Sabana de Mendoza
17%
Nueva Esparta 43,117 San Juan Bautista
17%
Zulia 49,662 San Rafael del Moján
17%
Lara 11,915 Santa Inés
17%
Zulia 13,520 Sinamaica
17%
Lara 11,271 Siquisique
17%
Anzoátegui 19,593 Soledad
17%
Portuguesa 14,796 Agua Blanca
11%
Guárico 50,632 Altagracia de Orituco
11%
Monagas 10,490 Aragua de Maturín
11%
Yaracuy 14,796 Aroa
11%
Portuguesa 16,758 Biscucuy
11%
Guárico 10,199 Cabruta
11%
Yaracuy 10,021 Campo Elías
11%
Trujillo 16,720 Carvajal
11%
Zulia 13,800 Casigua El Cubo
11%
Miranda 66,142 Caucagüita
11%
Falcón 12,455 Churuguara
11%
Bolívar 13,157 Ciudad Piar
11%
Sucre 18,331 Cumanacoa
11%
Miranda 12,550 Cúpira
11%
Aragua 43,720 El Consejo
11%
Trujillo 10,070 El Dividive
11%
Nueva Esparta 12,451 El Guamache
11%
Apure 12,895 El Nula
11%
Nueva Esparta 23,401 El Pilar
11%
Guárico 12,339 El Socorro
11%
Nueva Esparta 19,712 El Valle del Espíritu Santo
11%
Trujillo 12,490 Escuque
11%
Yaracuy 15,040 Guama
11%
Falcón 19,180 Judibana
11%
Lara 13,292 La Ceiba
11%
Nueva Esparta 28,137 La Guardia
11%
Zulia 18,240 La Paz
11%
Zulia 11,889 Las Piedras
11%
Zulia 52,458 Los Puertos de Altagracia
11%
Apure 11,259 Mantecal
11%
Sucre 16,733 Marigüitar
11%
Trujillo 11,871 Motatán
11%
Mérida 16,630 Nueva Bolivia
11%
Táchira 22,562 Palo Gordo
11%
Trujillo 21,074 Pampanito
11%
Zulia 26,860 Paraguaipoa
11%
Zulia 24,206 Pueblo Nuevo
11%
Zulia 10,826 Pueblo Nuevo
11%
Falcón 94,509 Punta Cardón
11%
Nueva Esparta 22,409 Punta de Piedras
11%
Cojedes 91,889 San Carlos de Austria
11%
Zulia 17,165 San Isidro
11%
Miranda 16,225 San José de Barlovento
11%
Anzoátegui 75,692 San José de Guanipa
11%
Portuguesa 12,654 San Rafael de Onoto
11%
Mérida 10,478 Santa Cruz de Mora
11%
Mérida 16,393 Tabay
11%
Carabobo 60,386 Tacarigua
11%
Zulia 20,819 Tía Juana
11%
Mérida 13,819 Timotes
11%
Anzoátegui 11,041 Valle de Guanape
11%
Nueva Esparta 47,485 Villa Rosa
11%
Sucre 10,350 Yaguaraparo
11%
Aragua 30,514 Zuata
11%
Miranda 31,192 Araira
6%
Mérida 10,019 Arapuey
6%
Nueva Esparta 10,897 Boca del Pozo
6%
Yaracuy 15,882 Boraure
6%
Monagas 13,396 Cachipo
6%
Monagas 15,548 Caicara de Maturín
6%
Trujillo 11,299 Campo Alegre
6%
Miranda 11,064 Capaya
6%
Vargas 21,204 Carayaca
6%
Zulia 14,521 Carrasquero
6%
Miranda 51,521 Carrizal
6%
Trujillo 10,932 Chejendé
6%
Yaracuy 39,310 Cocorote
6%
Miranda 41,543 El Cafetal
6%
Miranda 70,899 El Cartanal
6%
Zulia 12,503 El Corozo
6%
Lara 14,002 El Eneal
6%
Apure 23,077 El Recreo
6%
Guárico 23,940 El Sombrero
6%
Monagas 10,506 El Tejero
6%
Delta Amacuro 10,990 El Triunfo
6%
Miranda 32,303 Fila de Mariches
6%
Trujillo 12,670 Flor de Patria
6%
Portuguesa 21,912 Guanarito
6%
Mérida 29,472 La Blanca
6%
Trujillo 14,216 La Cejita
6%
Miranda 65,159 La Dolorita
6%
Monagas 12,588 La Pica
6%
Nueva Esparta 28,294 La Plaza de Paraguachí
6%
Zulia 40,089 La Sierrita
6%
Guárico 18,977 Las Mercedes del Llano
6%
Trujillo 11,125 Las Mesetas
6%
Zulia 13,908 Las Parcelas
6%
Monagas 10,473 La Toscana
6%
Miranda 63,260 Los Dos Caminos
6%
Nueva Esparta 15,265 Los Millanes
6%
Sucre 12,515 Los Puertos de Santa Fe
6%
Vargas 18,554 Macuto
6%
Aragua 17,112 Magdaleno
6%
Miranda 25,081 Mamporal
6%
Miranda 11,978 Marizapa
6%
Falcón 11,782 Mene de Mauroa
6%
Portuguesa 13,616 Mesa de Cavacas
6%
Trujillo 18,278 Monay
6%
Anzoátegui 15,272 Naricual
6%
Táchira 10,235 Palotal
6%
Bolívar 17,955 Pozo Verde
6%
Falcón 24,742 Puerto Cumarebo
6%
Táchira 14,378 Puerto Teteo
6%
Lara 10,457 Río Claro
6%
Yaracuy 16,685 Sabana de Parra
6%
Zulia 17,169 Sabaneta de Palmas
6%
Aragua 18,881 San Casimiro de Güiripa
6%
Aragua 18,321 San Francisco de Asís
6%
Miranda 32,894 San Francisco de Yare
6%
Zulia 17,649 San José de Perijá
6%
Mérida 11,870 San Juan de Lagunillas
6%
Falcón 18,116 Santa Cruz de Los Taques
6%
Zulia 62,831 Santa Cruz de Mara
6%
Mérida 12,197 Santa Elena de Arenales
6%
Delta Amacuro 10,058 Sierra Imataca
6%
Miranda 13,674 Tacarigua de Manporal
6%
Mérida 17,184 Tucaní
6%
Guárico 22,814 Tucupido
6%
Yaracuy 18,265 Urachiche
6%
Portuguesa 35,946 Villa Bruzual
6%
No matching quizzes found
Score Distribution
Percent of People with Each Score
Percentile by Number Answered
Your Score History
You have not taken this quiz